00842nam a22002417a 450000500170000001000130001702000220003003500130005203700160006504000120008108200190009310000300011224500610014226000410020327000620024430000330030650000510033965000220039065000270041294200220043999900190046195201200048020170124105939.0 aA-936360 c00.00a0195643062 aA-936360 bCen Lib/Ret aDPLbEN a339bDAS21981 aDasgupta, Dipankar910635 aThe Macroeconomy :cby Dipankar Dasgupta ba text view / aDelhibOxford University Pressc1997 aYACM Library Building, Jai Singh Road bNew Delhie110002 axiii,219p. :c22cm(Hb)bill. aIncludes bibliographical references and index. aEconomics 910636 aMacro Economis 910637 2ddccENh339mDAS c124400d124400 00104070aLbLd2015-06-16eCen Lib/Retg0.00l0o339 DASpA-936360r2015-06-16 00:00:00t1v0.00w2015-06-16yEN